Корневой анализ и синтез систем с интервальными параметрами на основе вершинных характеристических полиномов: автореферат диссертации на соискание ученой степени кандидата технических наук; спец. 05.13.01

Бібліографічні деталі
Автор: Суходоев М. С. Михаил Сергеевич
Співавтори: Томский политехнический университет (ТПУ), Сибирский федеральный университет (СФУ)
Інші автори: Гайворонский С. А. Сергей Анатольевич (научный руководитель)
Резюме:Заглавие с титульного экрана
Электронная версия печатной публикации
Мова:Російська
Опубліковано: Томск, 2008
Предмети:
Онлайн доступ:http://www.lib.tpu.ru/fulltext/a/2009/8.pdf
Формат: Електронний ресурс Книга
KOHA link:https://koha.lib.tpu.ru/cgi-bin/koha/opac-detail.pl?biblionumber=173463

MARC

LEADER 00000nlm0a2200000 4500
001 173463
005 20240126132137.0
035 |a (RuTPU)RU\TPU\book\188142 
090 |a 173463 
100 |a 20091225d2008 k y0rusy50 ca 
101 0 |a rus 
102 |a RU 
105 |a a dm 000zy 
135 |a drbn ---uucaa 
181 0 |a i  
182 0 |a b 
200 1 |a Корневой анализ и синтез систем с интервальными параметрами на основе вершинных характеристических полиномов  |e автореферат диссертации на соискание ученой степени кандидата технических наук  |e спец. 05.13.01  |f М. С. Суходоев  |g Томский политехнический университет (ТПУ) ; науч. рук. С. А. Гайворонский 
203 |a Текст  |c электронный 
210 |a Томск  |d 2008 
215 |a 1 файл (401 Kb) 
300 |a Заглавие с титульного экрана 
300 |a Электронная версия печатной публикации 
337 |a Adobe Reader 
452 1 |0 (RuTPU)RU\TPU\book\162488  |t Корневой анализ и синтез систем с интервальными параметрами на основе вершинных характеристических полиномов  |o автореферат диссертации на соискание ученой степени кандидата технических наук  |o спец. 05.13.01  |f М. С. Суходоев  |g Томский политехнический университет (ТПУ) ; науч. рук. С. А. Гайворонский  |c Томск  |n Б.и.  |d 2008  |p 22 с.  |a Суходоев, Михаил Сергеевич 
606 1 |a Автоматические системы управления  |x С распределенными параметрами  |2 stltpush  |3 (RuTPU)RU\TPU\subj\901  |9 29707 
610 1 |a автоматическое управление 
610 1 |a интервальные параметры 
610 1 |a интервальные системы 
610 1 |a параметрический синтез 
610 1 |a робастная устойчивость 
610 1 |a авторефераты диссертаций 
610 1 |a электронный ресурс 
610 1 |a параметрический анализ 
610 1 |a корневая плоскость 
610 1 |a интервальные полиномы 
610 1 |a параметрические многогранники 
610 1 |a отображение 
610 1 |a анализ 
610 1 |a регуляторы 
610 1 |a параметрический синтез 
610 1 |a алгоритмы 
610 1 |a программная реализация 
610 1 |a котельные агрегаты 
610 1 |a исследования 
610 1 |a программная среда 
610 1 |a MatLab 
610 1 |a RASIS 
675 |a 681.516.7  |v 3 
686 |a 05.13.01  |2 oksvnk 
700 1 |a Суходоев  |b М. С.  |c специалист в области автоматического управления  |c доцент Томского политехнического университета, кандидат технических наук  |f 1982-  |g Михаил Сергеевич  |3 (RuTPU)RU\TPU\pers\25412  |9 11354 
702 1 |a Гайворонский  |b С. А.  |c специалист в области информатики и вычислительной техники  |c доцент Томского политехнического университета, кандидат технических наук  |f 1961-  |g Сергей Анатольевич  |3 (RuTPU)RU\TPU\pers\25386  |4 727  |9 11329 
712 0 2 |a Томский политехнический университет (ТПУ)  |c (1991- )  |3 (RuTPU)RU\TPU\col\376 
712 0 2 |a Сибирский федеральный университет (СФУ)  |c (Красноярск)  |3 (RuTPU)RU\TPU\col\11098 
801 1 |a RU  |b 63413507  |c 20091225 
801 2 |a RU  |b 63413507  |c 20130918  |g RCR 
856 4 |u http://www.lib.tpu.ru/fulltext/a/2009/8.pdf 
942 |c CF